000 00967nam a2200217Ia 4500
999 _c39029
_d39029
001 5540
003 GE_BSU
005 20190506153650.0
008 181216s1978||||ge |||||||||||||| ||geo||
040 _cGE_BSU
041 _ageo
080 _a691(075.8) ბ-83
100 _aბოლქვაძე, ლ.
_9805
245 _aსაშენი მასალები ნაწ.1(არაორგანული საშენი მასალები და ნაკეთობანი) :
_bსახელმძღვ. /
_c ლ. ბოლქვაძე ; რედ. ო. კაციტაძე.
264 _aთბილისი :
_bუნ-ტის გამ-ბა,
_c1978.
300 _a337 გვ. :
_bილ. ;
_c 22 სმ.
504 _a ბიბლიოგრ. : გვ. 337.
653 _aსაშენი მასალები
700 _aკაციტაძე, ო.
_eრედაქტორი
_9806
942 _cBK
_2udc